Environmental Impact Assessment (EIA) : procedure and requirements in Malaysia

Bibliographic Details
Corporate Author: MALAYSIA. Jabatan Alam Sekitar
Format: Book
Published: Kuala Lumpur : Kementerian Sains Teknologi dan Alam Sekitar , 1994
Edition:Rev. ed.
Subjects:

MARC

LEADER 00000cam a2200000 7i4500
001 0000002551
005 20030804.0
090 0 0 |a 333.71409595   |b MAL 1994 
110 1 0 |a MALAYSIA. Jabatan Alam Sekitar 
245 1 0 |a Environmental Impact Assessment (EIA) :   |b procedure and requirements in Malaysia 
250 0 0 |a Rev. ed. 
260 0 0 |a Kuala Lumpur :   |b Kementerian Sains Teknologi dan Alam Sekitar ,   |c 1994 
300 |a v, 30 p. :   |b ill. ;   |c 21 cm. 
650 0 0 |a Environmental impact analysis   |z Malaysia 
650 0 0 |a Environmental policy   |z Malaysia 
998 |a JPSM 
999 |a 0000004957   |b Monograph   |c Reference   |e Default branch 
999 |a 0000004958   |b Monograph   |c Open Shelf   |e Default branch